Experiencias de colonización en la Amazonía brasileña /

Gorde:
Xehetasun bibliografikoak
Egile nagusia: Vilches M., José Mario
Formatua: Texto
Argitaratua: San José :
Etiketak: Etiketa erantsi
Etiketarik gabe, Izan zaitez lehena erregistro honi etiketa jartzen!

MARC

LEADER 00000 a a2200000 04500
001 15693
003
040
090 |a 014300  
100 |a Vilches M., José Mario  
245 |a Experiencias de colonización en la Amazonía brasileña /  |c José Mario Vilches M. 
260 |a San José :  
300 |a 7 p  
999 |c 12129  |d 12129